[Event "3rd Batavia-Grolsch"]
[Site "Amsterdam NED"]
[Date "2011.02.18"]
[Round "1"]
[White "Van Kampen, Robin"]
[Black "Bok, Benjamin"]
[Result "0-1"]
[WhiteTitle "IM"]
[BlackTitle "IM"]
[WhiteElo "2443"]
[BlackElo "2453"]
[WhiteFideId "1020854"]
[BlackFideId "1017063"]
[EventDate "2011.02.18"]

1. e4 e5 2. Nf3 Nc6 3. Bb5 f5 4. d3 fxe4 5. dxe4 Nf6 6. O-O d6 7. Nc3 a6 8. Bc4
Bg4 9. h3 Bh5 10. Be2 Bg6 11. Nh4 Bf7 12. Nf5 Qd7 13. Bg5 O-O-O 14. Bxf6 gxf6
15. Nd5 Be6 16. Nxf6 Qf7 17. Nd5 Bxf5 18. exf5 Kb8 19. Ne3 d5 20. Bf3 e4 21. Bh5
Qf6 22. Nxd5 Qxf5 23. c4 Rg8 24. Kh1 Bd6 25. Bg4 Qe5 26. g3 h5 27. Bxh5 Rxg3 28.
fxg3 Qxg3 0-1

[Event "3rd Batavia-Grolsch"]
[Site "Amsterdam NED"]
[Date "2011.02.18"]
[Round "1"]
[White "Hertneck, Gerald"]
[Black "Bosboom, Manuel"]
[Result "1-0"]
[WhiteTitle "GM"]
[BlackTitle "IM"]
[WhiteElo "2542"]
[BlackElo "2438"]
[WhiteFideId "4600088"]
[BlackFideId "1000080"]
[EventDate "2011.02.18"]

1. d4 g6 2. c4 Bg7 3. Nc3 c6 4. e4 a6 5. Be3 b5 6. h4 h5 7. Nf3 Nf6 8. Qb3 O-O
9. a4 Qa5 10. Bd2 b4 11. Nd1 c5 12. Bd3 cxd4 13. Bxb4 Qb6 14. a5 Qb7 15. Nd2 Bh6
16. Qa3 d6 17. Nf3 Nxe4 18. O-O Bg7 19. Re1 Bf5 20. Ng5 Nc6 21. Bxe4 Bxe4 22.
Bxd6 Bxg2 23. Bc5 Ne5 24. Qg3 Bh1 25. Bxd4 Nd3 26. Bxg7 Nxe1 27. Bxf8 Nc2 28.
Bh6 Nxa1 29. Ne3 f6 30. Ne6 Qe4 31. Nd5 Bf3 32. Kh2 Qxe6 33. Qxg6+ 1-0

[Event "3rd Batavia-Grolsch"]
[Site "Amsterdam NED"]
[Date "2011.02.18"]
[Round "1"]
[White "Thipsay, Praveen M"]
[Black "Murshed, Niaz"]
[Result "1/2-1/2"]
[WhiteTitle "GM"]
[BlackTitle "GM"]
[WhiteElo "2461"]
[BlackElo "2436"]
[WhiteFideId "5000033"]
[BlackFideId "10200010"]
[EventDate "2011.02.18"]

1. e4 e6 2. d4 d5 3. e5 c5 4. c3 Nc6 5. Nf3 Bd7 6. Be2 Nge7 7. Na3 Nf5 8. Nc2
cxd4 9. cxd4 Qb6 10. O-O Na5 11. g4 Ne7 12. Nfe1 Bb5 13. Nd3 h5 14. gxh5 Nf5 15.
Kh1 Rc8 16. Bd2 Nc4 17. Bc3 a5 18. Re1 Be7 19. Bf1 a4 20. Rb1 Qc7 21. Bb4 Bxb4
22. Ndxb4 Qe7 23. Qg4 g6 24. hxg6 fxg6 25. h3 Kf7 26. Red1 Rh4 27. Qg2 Rch8 28.
Rd3 Nd2 29. Nxd5 exd5 30. Qxd5+ Kg7 31. Qxb5 Nxb1 32. Ne1 Rxd4 33. Nf3 Rxd3 34.
Qxd3 Rc8 35. Qxb1 Qc5 36. Kg1 Qc2 37. Qe1 Qxb2 38. Qe4 Rc1 39. Qd5 Qa1 40. Qd7+
Kh6 41. Qd2+ Kg7 42. Qd7+ Kh6 1/2-1/2

[Event "3rd Batavia-Grolsch"]
[Site "Amsterdam NED"]
[Date "2011.02.18"]
[Round "1"]
[White "Michiels, Bart"]
[Black "Kleijn, Christov"]
[Result "1/2-1/2"]
[WhiteTitle "IM"]
[BlackTitle "IM"]
[WhiteElo "2489"]
[BlackElo "2428"]
[WhiteFideId "202967"]
[BlackFideId "1013564"]
[EventDate "2011.02.18"]

1. e4 c5 2. Nf3 d6 3. d4 cxd4 4. Nxd4 Nf6 5. Nc3 a6 6. Bc4 e6 7. O-O Be7 8. a4
O-O 9. Be3 Qc7 10. Qe2 Nc6 11. Ba2 Bd7 12. f4 Rac8 13. f5 e5 14. Nxc6 Bxc6 15.
Bf2 b5 16. axb5 axb5 17. Bh4 b4 18. Bxf6 bxc3 19. Bxe7 cxb2 20. Rab1 Qxe7 21.
Rxb2 Qa7+ 22. Kh1 Qd4 23. Rbb1 Qxe4 24. Qf2 Ba4 25. f6 Rxc2 26. Bxf7+ Kxf7 27.
Qa7+ Kg6 28. Qxg7+ Kh5 29. Rf3 Rc3 30. g4+ Qxg4 31. Qxh7+ Kg5 32. Qg7+ Kh5 33.
Qh7+ Kg5 34. Qg7+ Kh5 35. Qxg4+ Kxg4 36. Rxc3 Kf5 37. Rb6 d5 38. Rf3+ Kg6 39.
Rg3+ Kf5 40. Rf3+ Kg6 41. f7+ Kg7 42. Rb4 Bd7 43. Rb7 Be6 44. Re7 e4 45. Rf4
Rxf7 46. Rexf7+ Bxf7 47. Kg1 Bg6 48. Kf2 d4 49. Ke1 Kh7 50. h4 Kg7 51. Kf1 d3
52. Kf2 d2 53. Ke2 e3 54. Rd4 Bh5+ 55. Kxe3 d1=Q 56. Rxd1 Bxd1 1/2-1/2

[Event "3rd Batavia-Grolsch"]
[Site "Amsterdam NED"]
[Date "2011.02.19"]
[Round "2"]
[White "Kleijn, Christov"]
[Black "Thipsay, Praveen M"]
[Result "1-0"]
[WhiteTitle "IM"]
[BlackTitle "GM"]
[WhiteElo "2428"]
[BlackElo "2461"]
[WhiteFideId "1013564"]
[BlackFideId "5000033"]
[EventDate "2011.02.18"]

1. e4 e5 2. Nf3 Nc6 3. Bb5 a6 4. Ba4 Nf6 5. O-O Be7 6. Re1 b5 7. Bb3 d6 8. c3
O-O 9. h3 Na5 10. Bc2 c5 11. d4 Qc7 12. Nbd2 cxd4 13. cxd4 Bd7 14. Nf1 Rac8 15.
Ne3 Rfe8 16. b3 Nc6 17. Bb2 Bf8 18. Rc1 Qb7 19. Bb1 Nxd4 20. Nxd4 Rxc1 21. Bxc1
exd4 22. Qxd4 Bc6 23. Bb2 Re6 24. f3 g6 25. Rc1 Bg7 26. Qc3 Bd7 27. Qc7 Qxc7 28.
Rxc7 Ne8 29. Rxd7 Bxb2 30. Nd5 Kg7 31. Bd3 Nf6 32. Nxf6 Kxf6 33. a4 bxa4 34.
bxa4 a5 35. Bc4 Re7 36. Rxd6+ Kg7 37. Rd5 Rc7 38. Bb3 Rb7 39. Bc2 Rc7 40. Bd3
Rc5 41. Rd7 Be5 42. Kf2 Rc7 43. Rd8 g5 44. Ra8 Ra7 45. Re8 f6 46. h4 Rd7 47. Ke2
gxh4 48. Ra8 Bc3 49. f4 h5 50. Rc8 Bb4 51. Ke3 Bd6 52. Bb5 Rc7 53. Rd8 Be7 54.
Rd5 Rc2 55. Be2 Rc5 56. Rd7 Kf8 57. Rb7 Rc2 58. Rb5 Bb4 59. Rxh5 Be1 60. Rh7 Ra2
61. Bc4 Rxa4 62. Bd5 Ra1 63. Rf7+ Ke8 64. Rxf6 a4 65. Ra6 Bb4 66. Bc6+ Ke7 67.
Rxa4 Bc5+ 68. Kf3 Rf1+ 69. Kg4 Kd6 70. Ra6 Kc7 71. e5 Be3 72. Bf3 1-0

[Event "3rd Batavia-Grolsch"]
[Site "Amsterdam NED"]
[Date "2011.02.19"]
[Round "2"]
[White "Van Delft, Merijn"]
[Black "Bosboom, Manuel"]
[Result "1-0"]
[WhiteTitle "IM"]
[BlackTitle "IM"]
[WhiteElo "2387"]
[BlackElo "2438"]
[WhiteFideId "1004670"]
[BlackFideId "1000080"]
[EventDate "2011.02.18"]

1. e4 c6 2. d4 d5 3. Nc3 g6 4. h3 Bg7 5. Nf3 a6 6. Bf4 Qb6 7. exd5 Qxb2 8. Bd2
Nf6 9. Na4 Qa3 10. Nb6 O-O 11. Nxa8 b5 12. Nb6 Bf5 13. c4 e6 14. Be2 cxd5 15. c5
Nc6 16. Qc1 Qxc1+ 17. Rxc1 Be4 18. O-O Rd8 19. Rfd1 h6 20. a3 Ne8 21. Be3 Bxf3
22. Bxf3 f5 23. Be2 g5 24. g3 Nc7 25. f4 Bf6 26. Kf1 Kf8 27. g4 Ke7 28. gxf5
exf5 29. Bf3 Kf7 30. Rc2 Kg6 31. Rg2 1-0

[Event "3rd Batavia-Grolsch"]
[Site "Amsterdam NED"]
[Date "2011.02.19"]
[Round "2"]
[White "Bok, Benjamin"]
[Black "Michiels, Bart"]
[Result "1/2-1/2"]
[WhiteTitle "IM"]
[BlackTitle "IM"]
[WhiteElo "2453"]
[BlackElo "2489"]
[WhiteFideId "1017063"]
[BlackFideId "202967"]
[EventDate "2011.02.18"]

1. e4 c6 2. d4 d5 3. Nc3 dxe4 4. Nxe4 Bf5 5. Ng3 Bg6 6. h4 h6 7. Nf3 Nd7 8. h5
Bh7 9. Bd3 Bxd3 10. Qxd3 e6 11. Bd2 Ngf6 12. O-O-O Be7 13. Ne4 O-O 14. Kb1 Nxe4
15. Qxe4 Nf6 16. Qe2 Qd5 17. Be3 Ng4 18. Bc1 Rfd8 19. Ne5 Nxe5 20. dxe5 Qb5 21.
Qxb5 cxb5 22. Be3 Kf8 23. Rd3 Ke8 24. g4 b6 25. Rhd1 Rac8 26. f4 Rc4 27. Bd4 Rc7
28. b3 Bc5 29. c3 Rcd7 30. Kc2 Rc8 31. Kb2 b4 32. Bxc5 bxc3+ 33. Kc2 Rxd3 34.
Rxd3 Rxc5 35. Rxc3 Rxc3+ 36. Kxc3 g6 37. Kc4 gxh5 38. gxh5 a6 39. Kb4 Kd7 40.
Kc3 Kc6 41. Kc4 b5+ 42. Kd4 b4 1/2-1/2

[Event "3rd Batavia-Grolsch"]
[Site "Amsterdam NED"]
[Date "2011.02.19"]
[Round "2"]
[White "Ris, Robert"]
[Black "Van Kampen, Robin"]
[Result "1/2-1/2"]
[WhiteTitle "IM"]
[BlackTitle "IM"]
[WhiteElo "2418"]
[BlackElo "2443"]
[WhiteFideId "1011480"]
[BlackFideId "1020854"]
[EventDate "2011.02.18"]

1. d4 d5 2. c4 c6 3. Nf3 Nf6 4. Nc3 e6 5. Bg5 h6 6. Bh4 dxc4 7. e4 g5 8. Bg3 b5
9. Ne5 Bb7 10. Be2 Nbd7 11. O-O Bg7 12. Nxd7 Nxd7 13. Bd6 a6 14. a4 b4 15. Bxb4
Qb6 16. Ba3 Qxd4 17. Qc2 c5 18. Rfd1 Qe5 19. Bxc4 Qc7 20. Ne2 O-O 21. Rac1 Rfd8
22. b3 Be5 23. Ng3 Nf6 24. Be2 Rxd1+ 25. Rxd1 Rc8 26. Bb2 Nxe4 1/2-1/2

[Event "3rd Batavia-Grolsch"]
[Site "Amsterdam NED"]
[Date "2011.02.20"]
[Round "3"]
[White "Bosboom, Manuel"]
[Black "Murshed, Niaz"]
[Result "1-0"]
[WhiteTitle "IM"]
[BlackTitle "GM"]
[WhiteElo "2438"]
[BlackElo "2436"]
[WhiteFideId "1000080"]
[BlackFideId "10200010"]
[EventDate "2011.02.18"]

1. c4 f5 2. Nf3 Nf6 3. b3 g6 4. Bb2 Bg7 5. Qc2 d6 6. d4 O-O 7. Nbd2 a5 8. a3 c6
9. g3 Na6 10. Bg2 Nc7 11. O-O Kh8 12. Rfe1 Bd7 13. Rad1 a4 14. b4 b5 15. Nh4 Rc8
16. c5 Ncd5 17. e4 fxe4 18. Nxe4 Bg4 19. Ng5 Bxd1 20. Rxd1 Nc7 21. Bh3 d5 22.
Nxh7 Nxh7 23. Nxg6+ Kg8 24. Bxc8 e6 25. Bb7 Rf7 26. Bxc6 Qc8 27. Bc1 Qa6 28. Bf4
Qxc6 29. Ne5 Bxe5 30. Bxe5 Ne8 31. Qg6+ Kf8 32. Rd3 Ke7 33. h4 Nf8 34. Qg5+ Kd7
35. Qg8 Ke7 36. Qg5+ Kd7 37. g4 Kc8 38. Qg8 Qd7 39. g5 Rf5 40. g6 Qe7 41. g7
Qxh4 42. Bg3 Qh6 43. gxf8=Q Rxf8 44. Qg4 Ng7 45. Be5 Rh8 46. Kf1 Qc1+ 47. Ke2
Rh1 48. Bxg7 Qf1+ 49. Ke3 Rh3+ 50. Kf4 Qxd3 51. Qxe6+ Kb7 52. Qxd5+ Ka7 1-0

[Event "3rd Batavia-Grolsch"]
[Site "Amsterdam NED"]
[Date "2011.02.20"]
[Round "3"]
[White "Thipsay, Praveen M"]
[Black "Bok, Benjamin"]
[Result "1-0"]
[WhiteTitle "GM"]
[BlackTitle "IM"]
[WhiteElo "2461"]
[BlackElo "2453"]
[WhiteFideId "5000033"]
[BlackFideId "1017063"]
[EventDate "2011.02.18"]

1. e4 e5 2. Nf3 Nc6 3. Bb5 a6 4. Ba4 Nge7 5. c3 g6 6. d4 exd4 7. cxd4 b5 8. Bb3
Bg7 9. Nc3 O-O 10. O-O Na5 11. Bc2 d6 12. h3 Bb7 13. Bf4 Qd7 14. Qe2 Rae8 15. a3
h6 16. Rad1 Kh7 17. Rfe1 f5 18. e5 Nd5 19. Bd2 Nc4 20. Bb3 Nxc3 21. Bxc3 Bd5 22.
Nd2 Nb6 23. Bc2 Qc6 24. f4 Bg8 25. Nf1 Nd5 26. Qf3 dxe5 27. dxe5 Qc5+ 28. Kh2
Nxc3 29. bxc3 Be6 30. Ne3 Qxc3 31. Rg1 Kg8 32. Rd3 Qc5 33. Rgd1 Kh7 34. R1d2 h5
35. Nd5 Rf7 36. Rc3 Qa7 37. Rc6 Qb7 38. Rxe6 Rxe6 39. Nf6+ Rexf6 40. Qxb7 Rb6
41. Qc8 Bh6 42. Rd7 Rxd7 43. Qxd7+ Bg7 44. Qxc7 Re6 45. Qd7 Rb6 46. e6 b4 47. e7
bxa3 48. e8=Q a2 49. Qe5 1-0

[Event "3rd Batavia-Grolsch"]
[Site "Amsterdam NED"]
[Date "2011.02.20"]
[Round "3"]
[White "Van Kampen, Robin"]
[Black "Van Delft, Merijn"]
[Result "1-0"]
[WhiteTitle "IM"]
[BlackTitle "IM"]
[WhiteElo "2443"]
[BlackElo "2387"]
[WhiteFideId "1020854"]
[BlackFideId "1004670"]
[EventDate "2011.02.18"]

1. e4 c5 2. Nf3 d6 3. d4 cxd4 4. Nxd4 Nf6 5. Nc3 a6 6. h3 e6 7. g4 Be7 8. Bg2
Nfd7 9. g5 Nc6 10. h4 Qb6 11. Nb3 Qc7 12. f4 b5 13. Be3 Nb6 14. Qe2 b4 15. Bxb6
Qxb6 16. Na4 Qc7 17. O-O-O O-O 18. Kb1 Rb8 19. h5 Rb5 20. g6 Bf6 21. Qc4 e5 22.
f5 h6 23. Rd5 Rb7 24. Rhd1 Be7 25. Bf1 Bd7 26. gxf7+ Rxf7 27. Nac5 Ra7 28. Nxd7
Qxd7 29. Nc5 Qe8 30. Ne6 Kh8 31. Qb3 Qb8 32. Bc4 Nd4 33. R5xd4 exd4 34. Nxd4 Rf8
35. Nc6 Qb6 36. Nxa7 Qxa7 37. Qd3 a5 38. Qd5 Qc7 39. Qe6 Rd8 40. Qf7 Rf8 41. Qe6
Rd8 42. Qf7 Rf8 43. Qd5 Rd8 44. Rg1 Bf6 45. Rg6 Qb6 46. Qd2 Kh7 47. Qg2 Qe3 48.
Qg1 Qxg1+ 49. Rxg1 Rc8 50. Bb3 Ra8 51. Rd1 a4 52. Be6 Be5 53. Rd3 a3 54. b3 Ra5
55. Kc1 Rc5 56. Bc4 Kh8 57. Kd2 Bf4+ 58. Ke2 Be5 59. Ke3 Kh7 60. Ke2 Kh8 61. Rd1
Kh7 62. Rf1 Kh8 63. Rf2 Kh7 64. Rg2 Bf6 65. Rh2 Kh8 66. Rh3 Kh7 67. Rh1 Kh8 68.
Rd1 Be5 69. Rd5 Rxd5 70. Bxd5 Bc3 71. Kd3 Kh7 72. Kc4 Kh8 73. Kb5 Kh7 74. Kc6
Be5 75. Kd7 Kh8 76. Ke7 Kh7 77. Bc4 Kh8 78. Kf7 Bc3 79. Bd3 Kh7 80. Ke7 Be5 81.
c4 Kg8 82. c5 dxc5 83. Bc4+ Kh8 84. Ke6 Bg3 85. e5 Kg8 86. Ke7+ Kh8 87. e6 Kg8
88. Kd7 Bh4 89. e7+ Kh7 90. e8=Q Bf6 91. Qg8# 1-0

[Event "3rd Batavia-Grolsch"]
[Site "Amsterdam NED"]
[Date "2011.02.20"]
[Round "3"]
[White "Michiels, Bart"]
[Black "Ris, Robert"]
[Result "1-0"]
[WhiteTitle "IM"]
[BlackTitle "IM"]
[WhiteElo "2489"]
[BlackElo "2418"]
[WhiteFideId "202967"]
[BlackFideId "1011480"]
[EventDate "2011.02.18"]

1. e4 e5 2. Nf3 Nc6 3. Bc4 Nf6 4. d3 Bc5 5. c3 O-O 6. O-O d5 7. exd5 Nxd5 8. Re1
Bg4 9. Nbd2 Kh8 10. h3 Bh5 11. Ne4 Be7 12. Ng3 Bg6 13. Nxe5 Nxe5 14. Rxe5 Nb6
15. Bb3 Bd6 16. Re3 f5 17. Re1 Qh4 18. Nf1 Rae8 19. Rxe8 Bxe8 20. f3 Bc6 21. Be3
Nd5 22. Bxd5 Bxd5 23. c4 Bf7 24. Qd2 Re8 25. Re1 Qf6 26. b3 h6 27. d4 c6 28. Bf2
Rd8 29. Qa5 a6 30. Ne3 g6 31. Rd1 Rd7 32. d5 Bc7 33. Qc5 Bd6 34. Qa7 c5 35. Nf1
Rc7 36. Kh1 Kg7 37. Qb6 g5 38. b4 g4 39. bxc5 1-0

[Event "3rd Batavia-Grolsch"]
[Site "Amsterdam NED"]
[Date "2011.02.21"]
[Round "4"]
[White "Kleijn, Christov"]
[Black "Bosboom, Manuel"]
[Result "1-0"]
[WhiteTitle "IM"]
[BlackTitle "IM"]
[WhiteElo "2428"]
[BlackElo "2438"]
[WhiteFideId "1013564"]
[BlackFideId "1000080"]
[EventDate "2011.02.18"]

1. e4 c6 2. d4 g6 3. Nc3 b5 4. Nf3 Bg7 5. Bd3 b4 6. Ne2 a5 7. a3 Na6 8. Bd2 Qb6
9. O-O d6 10. c3 Nf6 11. e5 dxe5 12. Nxe5 O-O 13. Qa4 c5 14. axb4 cxd4 15. Qxa5
Qb7 16. Nxd4 Nc7 17. Qc5 Nfd5 18. Nec6 e5 19. Nb3 Nf4 20. Be4 Rxa1 21. Rxa1 1-0

[Event "3rd Batavia-Grolsch"]
[Site "Amsterdam NED"]
[Date "2011.02.21"]
[Round "4"]
[White "Van Kampen, Robin"]
[Black "Michiels, Bart"]
[Result "1/2-1/2"]
[WhiteTitle "IM"]
[BlackTitle "IM"]
[WhiteElo "2443"]
[BlackElo "2489"]
[WhiteFideId "1020854"]
[BlackFideId "202967"]
[EventDate "2011.02.18"]

1. e4 e6 2. d4 d5 3. Nd2 Nf6 4. e5 Nfd7 5. Bd3 c5 6. c3 Nc6 7. Ne2 cxd4 8. cxd4
f6 9. exf6 Nxf6 10. Nf3 Qc7 11. O-O Bd6 12. Bg5 O-O 13. Bh4 Nh5 14. Qc2 h6 15.
Bh7+ Kh8 16. Bg6 Rxf3 17. Bxh5 Rf8 18. Bg3 Bd7 19. Rac1 Be8 20. Bg4 Bf7 21. Qb3
Rab8 22. Rfe1 Bg8 23. a3 e5 24. dxe5 Bxe5 25. Bf3 Qf7 26. Bxe5 Nxe5 27. Nd4 Rbe8
28. Rcd1 Re7 29. Re3 Rfe8 30. Qc3 Qf6 31. h3 Qg6 32. Be2 Qf6 33. Bf1 Rf8 34. Rd2
Qb6 35. b3 Ng6 36. g3 Rc7 37. Qb2 Re7 38. Qc3 Rc7 39. Qb2 Re7 40. Rde2 Rxe3 41.
Rxe3 Qf6 42. Qd2 Ne5 43. Bg2 1/2-1/2

[Event "3rd Batavia-Grolsch"]
[Site "Amsterdam NED"]
[Date "2011.02.21"]
[Round "4"]
[White "Van Delft, Merijn"]
[Black "Murshed, Niaz"]
[Result "0-1"]
[WhiteTitle "IM"]
[BlackTitle "GM"]
[WhiteElo "2387"]
[BlackElo "2436"]
[WhiteFideId "1004670"]
[BlackFideId "10200010"]
[EventDate "2011.02.18"]

1. e4 e6 2. d4 d5 3. Nc3 dxe4 4. Nxe4 Bd7 5. Nf3 Bc6 6. Bd3 Nd7 7. O-O Ngf6 8.
Ng3 Be7 9. b3 O-O 10. Bb2 Bxf3 11. Qxf3 c6 12. c4 Re8 13. Rad1 Bf8 14. h4 g6 15.
h5 Bg7 16. a3 a5 17. Rfe1 Qc7 18. Bf1 Rac8 19. Bc1 Qd6 20. Ne4 Nxe4 21. Rxe4 Nf6
22. hxg6 hxg6 23. Rh4 e5 24. dxe5 Qxe5 25. Rhd4 Re6 26. g3 Rce8 27. Bh3 R6e7 28.
Bf4 Qh5 29. g4 Nxg4 30. Rd8 Nf6 31. Qxh5 Nxh5 32. Be3 Rxd8 33. Rxd8+ Kh7 34. Rd7
Bf8 35. Rxe7 Bxe7 36. Bc8 Bxa3 37. Bb6 Bb4 38. c5 Nf4 39. Bxb7 Ne2+ 40. Kf1 0-1

[Event "3rd Batavia-Grolsch"]
[Site "Amsterdam NED"]
[Date "2011.02.21"]
[Round "4"]
[White "Ris, Robert"]
[Black "Thipsay, Praveen M"]
[Result "1-0"]
[WhiteTitle "IM"]
[BlackTitle "GM"]
[WhiteElo "2418"]
[BlackElo "2461"]
[WhiteFideId "1011480"]
[BlackFideId "5000033"]
[EventDate "2011.02.18"]

1. d4 Nf6 2. c4 g6 3. Nc3 Bg7 4. e4 d6 5. Nf3 O-O 6. h3 Na6 7. Bg5 c6 8. Be2 e5
9. d5 h6 10. Be3 Nc5 11. Nd2 a5 12. g4 Bd7 13. h4 cxd5 14. cxd5 b5 15. g5 hxg5
16. hxg5 Nh7 17. Nxb5 Rb8 18. Nxd6 Na4 19. N2c4 Nxb2 20. Qd2 Nxc4 21. Nxc4 Rb5
22. f3 f5 23. gxf6 Bxf6 24. Kf2 Bh4+ 25. Kg2 Qf6 26. Rh2 g5 27. Rg1 g4 28. Kh1
Rb4 29. Nxe5 Qxe5 30. Rxh4 Rb2 31. Qd1 Nf6 32. Bc4 Rc8 33. Qd4 Qxd4 34. Bxd4 Rb4
35. Bxf6 Rbxc4 36. e5 Bf5 37. e6 1-0

[Event "3rd Batavia-Grolsch"]
[Site "Amsterdam NED"]
[Date "2011.02.21"]
[Round "4"]
[White "Bok, Benjamin"]
[Black "Hertneck, Gerald"]
[Result "0-1"]
[WhiteTitle "IM"]
[BlackTitle "GM"]
[WhiteElo "2453"]
[BlackElo "2542"]
[WhiteFideId "1017063"]
[BlackFideId "4600088"]
[EventDate "2011.02.18"]

1. e4 g6 2. d4 Bg7 3. Nf3 d6 4. Bc4 Nc6 5. c3 Nf6 6. Nbd2 O-O 7. O-O e5 8. dxe5
dxe5 9. Qc2 Qe7 10. a4 Be6 11. Bb5 Bd7 12. b4 Rfc8 13. Be2 Nd8 14. Nc4 Bc6 15.
Bd3 Nh5 16. g3 a6 17. Re1 b5 18. Ne3 Nf6 19. Bd2 Nb7 20. c4 bxa4 21. Nd5 Qe6 22.
Bc3 Nd7 23. c5 Nd8 24. Bd2 Bb5 25. Bc4 Qe8 26. Bg5 Nc6 27. Red1 h6 28. Be3 Kh7
29. Kg2 Nd4 30. Nxd4 exd4 31. Bxb5 axb5 32. Bxd4 c6 33. Bxg7 Kxg7 34. Ne3 Nf6
35. Qc3 Rd8 36. e5 Ne4 37. Qb2 Qe6 38. f3 Ng5 39. f4 a3 40. Qe2 Ne4 41. Rd3 a2
42. Kf3 Rxd3 43. Qxd3 f5 44. g4 Kf8 45. Qd4 Ra7 46. gxf5 gxf5 47. Qd8+ Qe8 48.
Qh4 Qg6 49. Ke2 Rd7 50. Kf3 Rd2 51. Rxa2 Rxa2 52. Qd8+ Qe8 53. Qxe8+ Kxe8 54.
Nxf5 Nc3 55. Nd4 Rd2 56. Ke3 Rxd4 57. Kxd4 Nd5 58. e6 Nxb4 59. Ke5 Ke7 60. Kf5 0-1

[Event "3rd Batavia-Grolsch"]
[Site "Amsterdam NED"]
[Date "2011.02.22"]
[Round "5"]
[White "Thipsay, Praveen M"]
[Black "Van Kampen, Robin"]
[Result "0-1"]
[WhiteTitle "GM"]
[BlackTitle "IM"]
[WhiteElo "2461"]
[BlackElo "2443"]
[WhiteFideId "5000033"]
[BlackFideId "1020854"]
[EventDate "2011.02.18"]

1. e4 c5 2. Nf3 d6 3. d4 cxd4 4. Nxd4 Nf6 5. Nc3 a6 6. Be2 e5 7. Nb3 Be7 8. O-O
O-O 9. Re1 Be6 10. Bf3 a5 11. a4 Nc6 12. Nd5 Bxd5 13. exd5 Nb8 14. Nd2 Nbd7 15.
Nc4 Nb6 16. Ne3 g6 17. Qd3 Qc7 18. Rd1 Nfd7 19. Qb5 f5 20. Be2 Rfc8 21. Bd2 Qc5
22. b4 Qxb5 23. Bxb5 axb4 24. a5 Rc5 25. Bxd7 Nxd7 26. Bxb4 Rc7 27. c3 Ra6 28.
Nc2 Kf7 29. Na3 e4 30. c4 Ne5 31. Ra2 Rd7 32. Bc3 Bd8 33. Bxe5 dxe5 34. Nb5 Rxa5
35. Rxa5 Bxa5 36. Kf1 Bb6 37. Rb1 Bc5 38. Ke2 Ke7 39. g4 Kf6 40. h3 h6 41. Rb3
Kg5 42. gxf5 gxf5 43. Rg3+ Kf6 44. Rg8 b6 45. Re8 Re7 46. Rf8+ Rf7 47. Re8 f4
48. Re6+ Kf5 49. Nd6+ Bxd6 50. Rxd6 Ra7 51. Rd8 f3+ 52. Ke1 e3 53. fxe3 Ke4 54.
Re8 Ra3 55. Kf2 Ra2+ 56. Kf1 Rd2 57. Re6 b5 58. cxb5 Rxd5 59. b6 Kxe3 0-1

[Event "3rd Batavia-Grolsch"]
[Site "Amsterdam NED"]
[Date "2011.02.22"]
[Round "5"]
[White "Bosboom, Manuel"]
[Black "Bok, Benjamin"]
[Result "0-1"]
[WhiteTitle "IM"]
[BlackTitle "IM"]
[WhiteElo "2438"]
[BlackElo "2453"]
[WhiteFideId "1000080"]
[BlackFideId "1017063"]
[EventDate "2011.02.18"]

1. c4 Nf6 2. Nf3 g6 3. d4 Bg7 4. Nc3 d5 5. Bg5 Ne4 6. Qc1 Nxg5 7. Qxg5 dxc4 8.
e4 Nc6 9. O-O-O h5 10. Kb1 Bg4 11. Bxc4 Bxf3 12. gxf3 Nxd4 13. Bxf7+ Kxf7 14.
Rhg1 Rh6 15. e5 c5 16. e6+ Kg8 17. Nd5 Kh7 18. Nxe7 Qb6 19. Nd5 Qxe6 20. Nc7 0-1

[Event "3rd Batavia-Grolsch"]
[Site "Amsterdam NED"]
[Date "2011.02.22"]
[Round "5"]
[White "Michiels, Bart"]
[Black "Van Delft, Merijn"]
[Result "1/2-1/2"]
[WhiteTitle "IM"]
[BlackTitle "IM"]
[WhiteElo "2489"]
[BlackElo "2387"]
[WhiteFideId "202967"]
[BlackFideId "1004670"]
[EventDate "2011.02.18"]

1. e4 c5 2. Nf3 d6 3. d4 cxd4 4. Nxd4 Nf6 5. Nc3 a6 6. Bc4 e6 7. O-O Be7 8. a4
O-O 9. Be3 Nxe4 10. Nxe4 d5 11. Bd3 dxe4 12. Bxe4 Qc7 13. Qe2 g6 14. a5 Nd7 15.
Nb3 Nf6 16. Bb6 Qe5 17. Bf3 Qxe2 18. Bxe2 Bd7 19. Bf3 Bc6 20. Bxc6 bxc6 21. Bc5
Bxc5 22. Nxc5 Rfb8 23. Nd3 Nd7 24. b3 Kf8 25. f4 Rb5 26. Rfe1 Ke7 27. Kf2 g5 28.
g3 gxf4 29. gxf4 Rg8 1/2-1/2

[Event "3rd Batavia-Grolsch"]
[Site "Amsterdam NED"]
[Date "2011.02.24"]
[Round "6"]
[White "Van Delft, Merijn"]
[Black "Kleijn, Christov"]
[Result "1/2-1/2"]
[WhiteTitle "IM"]
[BlackTitle "IM"]
[WhiteElo "2387"]
[BlackElo "2428"]
[WhiteFideId "1004670"]
[BlackFideId "1013564"]
[EventDate "2011.02.18"]

1. e4 c5 2. Nf3 d6 3. d4 cxd4 4. Nxd4 Nf6 5. Nc3 a6 6. Bg5 e6 7. f4 Be7 8. Qf3
Qc7 9. O-O-O Nbd7 10. g4 h6 11. Bxf6 Bxf6 12. h4 Qb6 13. Nb3 Nc5 14. Nxc5 Qxc5
15. e5 dxe5 16. Ne4 Qc7 17. Nd6+ Kf8 18. g5 e4 19. Qxe4 Be7 20. Nxc8 1/2-1/2

[Event "3rd Batavia-Grolsch"]
[Site "Amsterdam NED"]
[Date "2011.02.24"]
[Round "6"]
[White "Ris, Robert"]
[Black "Bosboom, Manuel"]
[Result "0-1"]
[WhiteTitle "IM"]
[BlackTitle "IM"]
[WhiteElo "2418"]
[BlackElo "2438"]
[WhiteFideId "1011480"]
[BlackFideId "1000080"]
[EventDate "2011.02.18"]

1. d4 Nf6 2. c4 e6 3. Nf3 b6 4. g3 Ba6 5. Qc2 Bb4+ 6. Bd2 Bxd2+ 7. Nbxd2 c5 8.
e4 O-O 9. e5 Ne8 10. Bg2 Nc6 11. dxc5 bxc5 12. O-O f5 13. exf6 Nxf6 14. Rad1 Rb8
15. b3 Bb7 16. Rfe1 Qe8 17. h3 Nb4 18. Qb1 a5 19. Re3 Ba8 20. Rde1 Qc8 21. Re5
a4 22. a3 Na6 23. Qd3 axb3 24. Nxb3 Qc7 25. Nbd2 Rb2 26. Qc3 Qb6 27. Rg5 Nb8 28.
Ne5 Bxg2 29. Kxg2 Qb7+ 30. Kg1 h6 31. Rg6 d6 32. Nd3 Rxd2 33. Qxd2 e5 34. Qxh6
Nc6 35. Re3 Nd4 36. Qg5 Rf7 37. Ne1 Ne4 38. Rxg7+ Rxg7 39. Qd8+ Kf7 40. Nf3 Nxg3 0-1